000
00396nam a2200145Ia 4500
008
230917s9999||||xx |||||||||||||| ||und||
040
_e
172720
_a
MAIN
041
_a
English
082
_a
891.432741 VH995M
100
_a
व्यथित ह्रदय
245
0
_a
महाप्रभु
260
_a
दिल्ली
_b
आर्य बुक
_c
1981
300
_a
124 p.
942
_c
HN
999
_c
223626
_d
223626